00827nam a2200193 a 450000100100000000500170001000800410002704000250006824501030009326000530019630000200024949000330026970000490030283000400035104900090039195201050040095201110050599900170061600002685720200930030443.0110325s1969 dr 000 0 spa d aDO-SdBNPbspacBNPHU00aProblemas del comportamiento humano en las organizaciones /cMaría Encarnación Duval Médina. aSantiago, República Dominicana :bONAP,c1969. a83 p. ;c28 cm.1 aPublicaciones de la ONAPv141 aDuval Médina, María Encarnación953971 0aPublicaciones de la ONAPv14953972 aBNPD 0010718PDaPDbPDcCTd2011-03-25iLF1l0o p26857-10r2020-06-25w2020-06-25yLFPDZNo se presta 0010718PDaPDbPDcCTd2011-03-25iLF1l0o p26857-20r2020-06-25te. 2w2020-06-25yLFPDZNo se presta c26349d26349